Catalog

Record Details

Catalog Search



The secrets she carried : a novel  Cover Image CD Audiobook CD Audiobook

The secrets she carried : a novel / Barbara Davis.

Davis, Barbara, 1961- (author.). Morgan, Tiffany, (narrator.).

Summary:

When a young woman returns to North Carolina after a thirty-year absence, she finds that the once grand tobacco plantation she called home holds more secrets than she ever imagined. Though Peak Plantation has been in her family for generations, Leslie Nichols can’t wait to rid herself of the farm left to her by her estranged grandmother Maggie—and with it the disturbing memories of her mother’s death, her father’s disgrace, and her unhappy childhood. But Leslie isn’t the only one with a claim to Peak. Jay Davenport, Peak’s reclusive caretaker, has his own reasons for holding onto the land bequeathed to him by Leslie’s grandmother. Before she died, Maggie hinted at a terrible secret surrounding Adele Laveau, a lady’s maid who came to Peak during the 1930s and died under mysterious circumstances. Jay is haunted by Maggie’s story, yet the truth eludes him—until Leslie uncovers a cryptically marked grave on the property. As they delve into the mystery of Adele’s death, Leslie and Jay discover shocking secrets that extend deep into the roots of Leslie’s family tree—secrets that have the power to alter her life forever.

Record details

  • ISBN: 9798200401338
  • ISBN: 9798200401345
  • Physical Description: 11 audio discs (13 hr.) : CD audio, digital ; 4 3/4 in.
  • Edition: Unabridged.
  • Publisher: [Old Saybrook, Connecticut] : Tantor, [2018]

Content descriptions

General Note:
Compact discs.
Participant or Performer Note:
Read by Tiffany Morgan.
Subject: Homecoming > Fiction.
Family secrets > Fiction.
Tobacco farms > North Carolina > Fiction.
Plantations > North Carolina > Fiction.
North Carolina > Fiction.
Genre: Audiobooks.
Historical fiction.
Domestic fiction.
Mystery fiction.

Available copies

  • 1 of 1 copy available at scottsboropl.

Holds

  • 0 current holds with 1 total copy.
Show Only Available Copies
Location Call Number / Copy Notes Barcode Shelving Location Status Due Date
scottsboropl BK/CD Dav 32269001213878 Adult - Audiobook Available -

LDR 02057nim a22005417i 4500
001160836
003SBPL
00520230510100733.0
008230502s2018 ctunnnne f n eng d
007sd fsngnnmmned
020 . ‡a9798200401338 ‡q(sound recording ; ‡qBlackstone Library CD)
020 . ‡a9798200401345 ‡q(sound recording ; ‡qBlackstone Retail CD)
035 . ‡a(OCoLC)1378083687
050 4. ‡aPS3604.A95554 ‡bS43 2018ab
08204. ‡a813/.6 ‡223
1001 . ‡aDavis, Barbara, ‡d1961- ‡eauthor.
24514. ‡aThe secrets she carried : ‡ba novel / ‡cBarbara Davis.
250 . ‡aUnabridged.
264 1. ‡a[Old Saybrook, Connecticut] : ‡bTantor, ‡c[2018]
300 . ‡a11 audio discs (13 hr.) : ‡bCD audio, digital ; ‡c4 3/4 in.
336 . ‡aspoken word ‡bspw ‡2rdacontent
337 . ‡aaudio ‡bs ‡2rdamedia
338 . ‡aaudio disc ‡bsd ‡2rdacarrier
344 . ‡adigital ‡2rdatr
344 . ‡boptical ‡2rdarm
347 . ‡aaudio file ‡2rdaft
347 . ‡bCD audio
500 . ‡aCompact discs.
5110 . ‡aRead by Tiffany Morgan.
520 . ‡aWhen a young woman returns to North Carolina after a thirty-year absence, she finds that the once grand tobacco plantation she called home holds more secrets than she ever imagined. Though Peak Plantation has been in her family for generations, Leslie Nichols can’t wait to rid herself of the farm left to her by her estranged grandmother Maggie—and with it the disturbing memories of her mother’s death, her father’s disgrace, and her unhappy childhood. But Leslie isn’t the only one with a claim to Peak. Jay Davenport, Peak’s reclusive caretaker, has his own reasons for holding onto the land bequeathed to him by Leslie’s grandmother. Before she died, Maggie hinted at a terrible secret surrounding Adele Laveau, a lady’s maid who came to Peak during the 1930s and died under mysterious circumstances. Jay is haunted by Maggie’s story, yet the truth eludes him—until Leslie uncovers a cryptically marked grave on the property. As they delve into the mystery of Adele’s death, Leslie and Jay discover shocking secrets that extend deep into the roots of Leslie’s family tree—secrets that have the power to alter her life forever.
650 0. ‡aHomecoming ‡vFiction.
650 0. ‡aFamily secrets ‡vFiction.
650 0. ‡aTobacco farms ‡zNorth Carolina ‡vFiction.
650 0. ‡aPlantations ‡zNorth Carolina ‡vFiction.
651 0. ‡aNorth Carolina ‡vFiction.
655 7. ‡aAudiobooks. ‡2lcgft
655 7. ‡aHistorical fiction.
655 7. ‡aDomestic fiction. ‡2lcgft
655 7. ‡a Mystery fiction. ‡2lcgft
7001 . ‡aMorgan, Tiffany, ‡enarrator.
901 . ‡a160836 ‡bAUTOGEN ‡c160836 ‡tbiblio

Additional Resources